Presbítero Doctor Francisco Calvo (Ganganelli) /
Uloženo v:
| Hlavní autor: | |
|---|---|
| Médium: | Neznámo |
| Jazyk: | Spanish |
| Vydáno: |
San José, Costa Rica :
[editor no identificado,
fecha de publicación no identificada].
|
| Témata: | |
| Tagy: |
Přidat tag
Žádné tagy, Buďte první, kdo vytvoří štítek k tomuto záznamu!
|
MARC
| LEADER | 000000000a22000000004500 | ||
|---|---|---|---|
| 001 | 002713 | ||
| 041 | 0 | |a spa | |
| 082 | 0 | 4 | |a 92 |b C162ob |
| 100 | 1 | |a Obregón Loría, Rafael, |d 1911- | |
| 245 | 1 | 0 | |a Presbítero Doctor Francisco Calvo (Ganganelli) / |c Rafael Obregón Loría. |
| 260 | 1 | |a San José, Costa Rica : |b [editor no identificado, |c fecha de publicación no identificada]. | |
| 300 | |a 114 páginas | ||
| 650 | 4 | |a CALVO, FRANCISCO | |
| 650 | 4 | |a COSTA RICA | |
| 650 | 4 | |a IGLESIA CATOLICA | |
| 650 | 4 | |a HISTORIA ECLESIASTICA | |
| 650 | 4 | |a NUESTRA SEÑORA DE LA LIMPIA CONCEPCION DEL RESCATE DE UJARRAS | |
| 650 | 4 | |a UJARRAS (CARTAGO, COSTA RICA) | |
| 999 | |c 9076 |d 9076 | ||
| 942 | |c BK |h 92 C162ob |2 z | ||
